000 01760cam a2200289 4500500
005 20260208001435.0
041 _afre
042 _adc
100 1 0 _aHaquin, André
_eauthor
245 0 0 _aAu service des communautés chrétiennes : la nouvelle traduction du Missel romain (2021)
260 _c2021.
500 _a10
520 _aFruit d’un long travail mené, sous la conduite du bénédictin Henri Delhougne, par la COMIRO (Commission internationale francophone de traduction du Missel romain) à la suite de la publication de l’édition typique de 2002 (complétée en 2008), la nouvelle traduction française du Missel romain entre en usage le 28 novembre 2021. Ce renouvellement soulève pour les communautés chrétiennes un certain nombre de défis et d’enjeux, et même d’espoirs.
520 _aFruit of a lengthy period of work undertaken by COMIRO, (International Francophone Commission for the translation of the Roman Missal) under the supervision of Henri Delhougne o.s.b., following publication of the standard edition of 2002 (completed in 2008), the updated French translation of the Roman Missal will come into use on 28 November 2021. This renewal will raise a certain number of challenges and issues and even hopes for our Christian communities.
690 _aCOMIRO
690 _aeucharistie
690 _aMissel romain
690 _amystagogie
690 _atraduction
690 _aCOMIRO
690 _aeucharist
690 _amystagogy
690 _aRoman Missal
690 _atranslation
786 0 _nNouvelle revue théologique | 143 | 4 | 2021-09-23 | p. 623-635 | 0029-4845
856 4 1 _uhttps://shs.cairn.info/revue-nouvelle-revue-theologique-2021-4-page-623?lang=fr&redirect-ssocas=7080
999 _c1644945
_d1644945